Pasión de juventud (Record no. 16612)

MARC details
000 -LEADER
campo de control de longitud fija 00885nam a2200265 i 4500
001 - NÚMERO DE CONTROL
campo de control 16612
003 - IDENTIFICADOR DE NÚMERO DE CONTROL
campo de control ES-MaACL
005 - FECHA Y HORA DE LA ÚLTIMA TRANSACCIÓN
campo de control 20230906151348.0
007 - CAMPO FIJO DE DESCRIPCIÓN FÍSICA--INFORMACIÓN GENERAL
campo de control de longitud fija t|
008 - DATOS DE LONGITUD FIJA--INFORMACIÓN GENERAL
campo de control de longitud fija 001019s1990 sp ||||0| spa d
016 7# - NÚMERO DE CONTROL DE UNA AGENCIA BIBLIOGRÁFICA NACIONAL
Número de control cancelado/no válido SIC92004900
020 ## - NÚMERO INTERNACIONAL ESTÁNDAR DEL LIBRO
Número Internacional Estándar del Libro 84-7509-591-7
040 ## - FUENTE DE CATALOGACIÓN
Centro catalogador/agencia de origen M-BN
Lengua de catalogación spa
Centro/agencia transcriptor SIC
080 ## - NÚMERO DE LA CLASIFICACIÓN DECIMAL UNIVERSAL
Número de la Clasificación Decimal Universal 929 Reich, Wilhelm
100 1# - ENTRADA PRINCIPAL--NOMBRE DE PERSONA
Nombre de persona Reich, Wilhelm.
9 (RLIN) 95949
245 10 - MENCIÓN DEL TÍTULO
Título Pasión de juventud
Resto del título : una autobiografía, 1897-1922 /
Mención de responsabilidad, etc. Wilhelm Reich ; compiladores Mary Boyd Higgins, Chester M. Raphael ; [traducción de Julio Balderrama].
250 ## - MENCION DE EDICION
Mención de edición [1ª ed.].
260 ## - PUBLICACIÓN, DISTRIBUCIÓN, ETC.
Lugar de publicación, distribución, etc. Barcelona :
Nombre del editor, distribuidor, etc. Paidós,
Fecha de publicación, distribución, etc. 1990.
300 ## - DESCRIPCIÓN FÍSICA
Extensión 195 p., [8] p. de lám. ;
Dimensiones 22 cm.
600 14 - PUNTO DE ACCESO ADICIONAL DE MATERIA--NOMBRE DE PERSONA
Nombre de persona Reich, Wilhelm-
Subdivisión general Biografías.
9 (RLIN) 95950
700 1# - ENTRADA AGREGADA--NOMBRE PERSONAL
Nombre de persona Balderrama, Julio.
9 (RLIN) 24883
700 1# - ENTRADA AGREGADA--NOMBRE PERSONAL
Nombre de persona Higgins, Mary Boyd.
9 (RLIN) 63637
700 1# - ENTRADA AGREGADA--NOMBRE PERSONAL
Nombre de persona Raphael, Chester M.
9 (RLIN) 95455
852 ## - LOCALIZACIÓN
Ubicación ES-MaACL
Número de control de estantería L-23851
Sublocalización o colección R.128778
Holdings
Estatus retirado Estado de pérdida Estado de daño No para préstamo Biblioteca de origen Biblioteca actual Ubicación en estantería Fecha de adquisición Fuente de adquisición Total de préstamos Signatura topográfica completa Código de barras Visto por última vez Precio de reemplazo Tipo de ítem Koha
        Biblioteca del Ateneo de Madrid Biblioteca del Ateneo de Madrid Depósito 2 17/01/2008     L-23851 1016874 23/02/2023 23/02/2023 Libro impreso